|
|
|
|
| LEADER |
00000cam a2200000 7i4500 |
| 001 |
0000002673 |
| 005 |
20031027.0 |
| 090 |
0 |
0 |
|a C338.1749809595
|b MTC 2001
|
| 110 |
1 |
0 |
|a MTC Seminar 2001 - The Malaysian Timber Industry Moving Forward
|k 2001
|j Kuala Lumpur
|
| 245 |
1 |
0 |
|a [Papers presented at MTC Seminar 2001 :
|b the Malaysian Timber Industry Moving Forward held in Kuala Lumpur, 12 Jun 2001]
|
| 260 |
0 |
0 |
|a Kuala Lumpur :
|b (Malaysian Timber Council) ,
|c 2001
|
| 300 |
|
|
|a (various pagings) :
|b ill. ;
|c 30 cm.
|
| 650 |
0 |
0 |
|a Electronic commerce
|x Congresses
|
| 650 |
0 |
0 |
|a Forest and forestry
|z Malaysia
|x Congresses
|
| 650 |
0 |
0 |
|a Forest products industry
|z Malaysia
|x Congresses
|
| 650 |
0 |
0 |
|a Lumber trade
|z Malaysia
|x Congresses
|
| 650 |
0 |
0 |
|a Timber
|z Malaysia
|x Congresses
|
| 710 |
1 |
1 |
|a Malaysia Timber Council
|
| 745 |
0 |
0 |
|a Malaysian Timber Council 2001 - The Malaysian Timber Moving Forward in the New Millennium
|
| 998 |
|
|
|a JPSM
|
| 999 |
|
|
|a 0000005051
|b Monograph
|c Conference kit
|e Default branch
|